| 000 | 00988nac a22002051u 4500 | ||
|---|---|---|---|
| 008 | 101003s1998 xxu||||| |||| 00| 0 ara d | ||
| 082 |
_a297.1226 _bا ع ر |
||
| 245 |
_aمعجم إعراب ألفاظ القرآن الكريم / _cقدم له محمد سيد طنطاوي ؛ راجعه محمد فهيم أبو عبية |
||
| 250 | _aط 2 | ||
| 260 |
_aبيروت : _bمكتبة لبنان ،1998 _c1998. |
||
| 300 |
_a830 ص ؛ _c28 سم. |
||
| 500 | _aيشتمل على صفحة عنوان باللغة الانجليزية | ||
| 511 | _a Catalogued by: Sara | ||
| 650 |
_aالقرآن _914883 _xألفاظ |
||
| 650 |
_aالقرآن، إعراب _921631 |
||
| 700 |
_aطنطاوي ، محمد سيد _920036 |
||
| 700 |
_aأبو عبية ، محمد فهيم _920037 |
||
| 942 |
_cBB _k224.2 ا ع ر _2ddc |
||
| 999 |
_c5522 _d5522 |
||